000 01176nam a2200325 a 4500
001 000113982
003 CHAP
005 20220329144422.0
008 171016s2017 mx sm |||||||spa d
010 _a110443
011 _a111415
040 _cCHAP
090 _aTesis
100 1 _aMeda Alducin, Pedro
_973831
245 1 0 _aDiagnóstico y suplementación mineral en vacas Holstein en la Comarca Lagunera, México
_h[En línea]
_cPedro Meda Alducin.
260 _aChapingo, Méx. :
_bEl autor,
_c2017.
500 _aPara ver el contenido del material haga clic en la liga
502 _aTesis (Ph.D. en Innovación Ganadera) -- UACH. Departamento de Zootecnia
590 _aE11695DGD
_b10
_c20171017
_lUCH01
_h1336
590 _aE6337LMJ
_b05
_c20171016
_lUCH01
_h1320
590 _aE6337LMJ
_b05
_c20171016
_lUCH01
_h1320
650 1 4 _aGanado lechero
_xNutrición.
_945281
650 1 4 _aGanado vacuno
_xMejoramiento.
_945480
650 1 4 _aGanado vacuno
_xNutrientes minerales.
_9131945
650 1 4 _aGanado vacuno
_xReproducción.
_945510
856 _aFinding aid
_uhttp://10.13.5.2/tesis/sist113982.pdf
_zTeclea aquí
901 _aBK
942 _cTESIS
942 _n0
999 _c110443
_d110443